[Event "XLV Festival A"]
[Site "Imperia ITA"]
[Date "2003.09.05"]
[Round "7"]
[White "Faraci, Antonino"]
[Black "Rojicek, Vojtech"]
[WhiteElo "2088"]
[BlackElo "2117"]
[Result "0-1"]
[PlyCount "72"]
[EventDate "2003.08.31"]

1. Nf3 Nf6 2. c4 d6 3. d4 g6 4. Nc3 Bg7 5. e4 Nbd7 6. Bd3 O-O 7. O-O e5 8. d5
Nc5 9. Bc2 a5 10. Bg5 h6 11. Bxf6 Qxf6 12. Ne1 Qe7 13. Nd3 Nd7 14. Qd2 f5 15.
exf5 gxf5 16. f3 Qh4 17. Kh1 Qxc4 18. Bb3 Qd4 19. Ne2 Qh4 20. Rac1 a4 21. Bd1
Nb6 22. Nf2 Rf7 23. b3 a3 24. g3 Qe7 25. Nc3 c6 26. dxc6 bxc6 27. Na4 Nxa4 28.
bxa4 Bb7 29. Qe3 d5 30. Nd3 e4 31. fxe4 Qxe4+ 32. Qxe4 fxe4 33. Rxf7 Kxf7 34.
Nc5 Bc8 35. Kg2 Ke7 36. g4 Kd6 0-1

[Event "XLV Festival A"]
[Site "Imperia ITA"]
[Date "2003.09.05"]
[Round "7"]
[White "Gross, David"]
[Black "Voloshin, Leonid"]
[WhiteElo "2451"]
[BlackElo "2468"]
[Result "0-1"]
[PlyCount "54"]
[EventDate "2003.08.31"]

1. e4 d6 2. d4 g6 3. Nc3 Bg7 4. f4 Nf6 5. Nf3 O-O 6. Bd3 Na6 7. O-O c5 8. d5
Nb4 9. Bc4 e6 10. a3 exd5 11. exd5 Na6 12. h3 Re8 13. Bd2 Nc7 14. a4 Bd7 15.
Re1 b6 16. Rxe8+ Qxe8 17. Qf1 a6 18. Re1 Qb8 19. Ne5 Be8 20. f5 b5 21. Ba2 b4
22. fxg6 dxe5 23. d6 Ne6 24. Ne4 Nxe4 25. d7 Nxd2 26. gxf7+ Bxf7 27. Qf5 Qd6
0-1

[Event "XLV Festival A"]
[Site "Imperia ITA"]
[Date "2003.09.05"]
[Round "7"]
[White "Jurek, Josef"]
[Black "Facchetti, Gianni"]
[WhiteElo "2342"]
[BlackElo "2143"]
[Result "1/2-1/2"]
[PlyCount "89"]
[EventDate "2003.08.31"]

1. Nf3 Nf6 2. c4 d6 3. d4 Nbd7 4. Nc3 e5 5. g3 Be7 6. Bg2 c6 7. O-O Qc7 8. Qc2
O-O 9. b3 Re8 10. Bb2 b6 11. Rac1 Bb7 12. Rfd1 Rad8 13. e3 Bf8 14. a3 g6 15. b4
exd4 16. exd4 a6 17. Qb3 Bg7 18. Rc2 Re7 19. Bc1 Nf8 20. h3 Qd7 21. d5 c5 22.
bxc5 bxc5 23. Bf4 Nh5 24. Bg5 Nf6 25. Nh2 h6 26. Bf4 g5 27. Bc1 Ng6 28. Nf1
Rde8 29. Ne3 Bc8 30. Re2 Qd8 31. Rde1 Bd7 32. Qc2 Bc8 33. Bb2 Qd7 34. Ncd1 Nh5
35. Bxg7 Kxg7 36. Ng4 Rxe2 37. Rxe2 Rxe2 38. Qxe2 Qe7 39. Nde3 f5 40. Qb2+ Nf6
41. Nxf6 Qxf6 42. Qb8 Ne7 43. Qc7 Qe5 44. a4 h5 45. a5 1/2-1/2

[Event "XLV Festival A"]
[Site "Imperia ITA"]
[Date "2003.09.05"]
[Round "7"]
[White "Lacrosse, Marc"]
[Black "Gentile, Claudio"]
[WhiteElo "2290"]
[BlackElo "2158"]
[Result "0-1"]
[PlyCount "65"]
[EventDate "2003.08.31"]

1. d4 d5 2. c4 dxc4 3. Nf3 Nf6 4. e3 Bg4 5. Bxc4 e6 6. h3 Bh5 7. Nc3 Nbd7 8.
O-O Bd6 9. e4 e5 10. Be2 O-O 11. dxe5 Nxe5 12. Nxe5 Bxe2 13. Qxe2 Bxe5 14. f4
Bd4+ 15. Kh1 Bxc3 16. bxc3 Qe7 17. e5 Rfd8 18. f5 Nd7 19. Bf4 Re8 20. Rae1 Qc5
21. Rf3 Nxe5 22. f6 gxf6 23. Bh6 Re6 24. Re3 Rd8 25. Qf2 Ng6 26. Rxe6 Qxf2 27.
Re8+ Nf8 28. Rxd8 Qxe1+ 29. Kh2 Qe5+ 30. Kh1 Qe7 31. Ra8 a6 32. g4 Qe4+ 33. Kg1
0-1

[Event "XLV Festival A"]
[Site "Imperia ITA"]
[Date "2003.09.05"]
[Round "7"]
[White "Miladinovic, Igor"]
[Black "Likavsky, Tomas"]
[WhiteElo "2609"]
[BlackElo "2470"]
[Result "1-0"]
[PlyCount "85"]
[EventDate "2003.08.31"]

1. d4 Nf6 2. Bg5 e6 3. e3 c5 4. c3 cxd4 5. exd4 Be7 6. Bxf6 Bxf6 7. Nf3 d6 8.
Nbd2 Nd7 9. Bd3 a6 10. Qe2 Be7 11. Ne4 Nf6 12. Nxf6+ Bxf6 13. O-O-O Bd7 14. Kb1
Bc6 15. Be4 Bxe4+ 16. Qxe4 d5 17. Qd3 b5 18. g4 h5 19. h3 g6 20. Rhe1 Qc7 21.
Ne5 Bxe5 22. Rxe5 hxg4 23. hxg4 Kd7 24. f4 Qc4 25. Qf3 f5 26. Rg1 Rae8 27. gxf5
gxf5 28. Ree1 b4 29. Rg7+ Re7 30. Rxe7+ Kxe7 31. Qe3 Rh6 32. cxb4 Qxb4 33. Qe5
Kf7 34. Rg1 Qf8 35. a4 Rh2 36. Rc1 Qg8 37. Ka2 Rg2 38. Rc7+ Kg6 39. Rc6 Kh5 40.
Rxe6 Kg4 41. Re8 Qg6 42. Re6 Qg8 43. Rxa6 1-0

[Event "XLV Festival A"]
[Site "Imperia ITA"]
[Date "2003.09.05"]
[Round "7"]
[White "Mrdja, Milan"]
[Black "Jirovsky, Milos"]
[WhiteElo "2384"]
[BlackElo "2521"]
[Result "1/2-1/2"]
[PlyCount "29"]
[EventDate "2003.08.31"]

1. e4 c5 2. Nf3 g6 3. d4 cxd4 4. Nxd4 Bg7 5. Nc3 Nc6 6. Be3 Nf6 7. Bc4 O-O 8.
Bb3 d6 9. f3 Bd7 10. Qd2 Qa5 11. O-O-O Rfc8 12. Kb1 Ne5 13. h4 Nc4 14. Bxc4
Rxc4 15. g4 1/2-1/2

[Event "XLV Festival A"]
[Site "Imperia ITA"]
[Date "2003.09.05"]
[Round "7"]
[White "Payen, Arnaud"]
[Black "Maksimenko, Andrei"]
[WhiteElo "2363"]
[BlackElo "2512"]
[Result "0-1"]
[PlyCount "76"]
[EventDate "2003.08.31"]

1. d4 Nf6 2. c4 e6 3. g3 d5 4. Nf3 dxc4 5. Bg2 Nc6 6. Qa4 Nd7 7. Qxc4 Nb6 8.
Qd3 e5 9. Bg5 f6 10. Be3 Nb4 11. Qb3 N6d5 12. Nc3 Be6 13. O-O Nf4 14. Qa4+ Bd7
15. Qb3 Be6 16. Qa4+ Bd7 17. Qb3 Nxg2 18. Kxg2 exd4 19. Nxd4 Qc8 20. Rfc1 c5
21. Ne4 b6 22. Bf4 Qb7 23. Qf3 O-O-O 24. Kg1 Re8 25. Nxc5 bxc5 26. Qa3 Bh3 27.
f3 Qb6 28. Rc4 Kb7 29. Rac1 Nd5 30. Qa4 Rd8 31. Bd2 Bd7 32. Qc2 cxd4 33. Qe4
Bb5 34. Rxd4 Bc5 35. Rxc5 Qxc5 36. Bb4 Qc6 37. a4 Rhe8 38. axb5 Qc1+ 0-1

[Event "XLV Festival A"]
[Site "Imperia ITA"]
[Date "2003.09.05"]
[Round "7"]
[White "Pedemonte, Claudio"]
[Black "Blasco, Domenico"]
[WhiteElo "1974"]
[BlackElo "2040"]
[Result "0-1"]
[PlyCount "58"]
[EventDate "2003.08.31"]

1. c4 c5 2. Nc3 g6 3. g3 Bg7 4. Bg2 Nc6 5. e4 e6 6. Nb5 d6 7. Ne2 a6 8. Nbc3
Nge7 9. O-O O-O 10. d3 Nd4 11. f4 Nec6 12. Nxd4 cxd4 13. Ne2 Bd7 14. b3 a5 15.
a3 Qc8 16. Bb2 e5 17. Rc1 f5 18. c5 dxc5 19. Rxc5 fxe4 20. dxe4 Bh3 21. fxe5
Bxg2 22. Kxg2 Qg4 23. Nxd4 Qxe4+ 24. Nf3 Rad8 25. Qe1 Qxe1 26. Rxe1 Rd3 27. Rc3
Rfxf3 28. Rxc6 bxc6 29. e6 Rfe3 0-1

[Event "XLV Festival A"]
[Site "Imperia ITA"]
[Date "2003.09.05"]
[Round "7"]
[White "Scacco, Mauro"]
[Black "Gross, Stefan"]
[WhiteElo "2090"]
[BlackElo "2328"]
[Result "0-1"]
[PlyCount "50"]
[EventDate "2003.08.31"]

1. e4 c5 2. Nf3 e6 3. b4 cxb4 4. d4 Nf6 5. Bd3 d5 6. e5 Ne4 7. O-O Be7 8. Re1
f5 9. exf6 Bxf6 10. a3 Nc6 11. axb4 Nxb4 12. Ne5 O-O 13. Bxe4 dxe4 14. Rxe4
Bxe5 15. Rxe5 Nc6 16. Re4 e5 17. d5 Bf5 18. Rea4 Nd4 19. Na3 Rc8 20. c4 Qh4 21.
Ra2 Bg4 22. f3 Nxf3+ 23. gxf3 Bxf3 24. c5 e4 25. Qd2 Qg4+ 0-1

[Event "XLV Festival A"]
[Site "Imperia ITA"]
[Date "2003.09.05"]
[Round "7"]
[White "Semeria, Marco"]
[Black "Sarmir, Milos"]
[WhiteElo "2066"]
[BlackElo "2152"]
[Result "0-1"]
[PlyCount "40"]
[EventDate "2003.08.31"]

1. e4 e5 2. Nf3 Nc6 3. Bc4 Bc5 4. c3 Nf6 5. Qe2 O-O 6. d3 d5 7. Bb3 Re8 8. Bg5
dxe4 9. dxe4 h6 10. Bh4 a6 11. Nbd2 Be6 12. O-O-O Qe7 13. Rhg1 Nd8 14. g4 g5
15. Nxg5 hxg5 16. Bxg5 Bxb3 17. Nxb3 Ne6 18. Rd7 Qxd7 19. Bxf6 Be7 20. g5 Nf4
0-1

[Event "XLV Festival A"]
[Site "Imperia ITA"]
[Date "2003.09.05"]
[Round "7"]
[White "Van Hoolandt, Patrick"]
[Black "Svacina, Petr"]
[WhiteElo "2301"]
[BlackElo "2037"]
[Result "1-0"]
[PlyCount "51"]
[EventDate "2003.08.31"]

1. c4 Nf6 2. Nf3 c5 3. Nc3 Nc6 4. g3 e6 5. b3 Be7 6. Bg2 b6 7. d4 cxd4 8. Nxd4
Bb7 9. Ndb5 Qb8 10. e4 a6 11. Nd4 O-O 12. O-O Qc7 13. Bb2 Rfe8 14. Rc1 Nxd4 15.
Qxd4 Bc5 16. Qd1 Bc6 17. Re1 Qb7 18. Nd5 Nxe4 19. Rxe4 exd5 20. cxd5 Bb5 21. a4
Rxe4 22. Bxe4 Re8 23. Qg4 g6 24. axb5 f5 25. Bxf5 Qxd5 26. Bxg6 1-0

[Event "XLV Festival A"]
[Site "Imperia ITA"]
[Date "2003.09.05"]
[Round "7"]
[White "Verrascina, Nicola"]
[Black "Sautto, Alessandra"]
[WhiteElo "2102"]
[BlackElo "1968"]
[Result "1-0"]
[PlyCount "71"]
[EventDate "2003.08.31"]

1. c4 e6 2. g3 d5 3. Nf3 Nf6 4. b3 Be7 5. Bb2 O-O 6. Bg2 c5 7. O-O Nc6 8. cxd5
exd5 9. d4 Be6 10. Nc3 Ne4 11. dxc5 Nxc3 12. Bxc3 Bxc5 13. Qd2 Qe7 14. Rad1 Bb4
15. Bxb4 Nxb4 16. Rc1 Nc6 17. Qb2 Rfd8 18. Rc2 Bf5 19. Rd2 Be4 20. Ne1 Bxg2 21.
Nxg2 d4 22. Ne1 Qc5 23. Nf3 Qc3 24. Qxc3 dxc3 25. Rxd8+ Rxd8 26. Rc1 Nb4 27.
Rxc3 Nc6 28. e3 Kf8 29. Rc4 Rd7 30. Kf1 Ke7 31. Ke2 f6 32. b4 a6 33. a4 Ne5 34.
Re4 Kd6 35. Rd4+ Ke6 36. Nxe5 1-0

[Event "XLV Festival A"]
[Site "Imperia ITA"]
[Date "2003.09.05"]
[Round "7"]
[White "Verrascina, Roberto"]
[Black "Isonzo, David"]
[WhiteElo "2226"]
[BlackElo "2347"]
[Result "1/2-1/2"]
[PlyCount "37"]
[EventDate "2003.08.31"]

1. Nf3 Nc6 2. g3 e5 3. d3 d5 4. Bg2 Nf6 5. O-O Be6 6. c3 Qd7 7. b4 Bd6 8. Re1
Bh3 9. Bh1 h5 10. e4 dxe4 11. dxe4 h4 12. a3 hxg3 13. hxg3 O-O-O 14. c4 Bf1 15.
Nh4 Qh3 16. Nd2 Bc5 17. bxc5 Ng4 18. Nxf1 Rxd1 19. Rxd1 1/2-1/2

[Event "XLV Festival A"]
[Site "Imperia ITA"]
[Date "2003.09.06"]
[Round "8"]
[White "Cugini, Verter"]
[Black "Jurek, Josef"]
[WhiteElo "2214"]
[BlackElo "2342"]
[Result "0-1"]
[PlyCount "74"]
[EventDate "2003.08.31"]

1. e4 e6 2. d4 d5 3. Nd2 Nf6 4. e5 Nfd7 5. Bd3 c5 6. c3 Nc6 7. Ne2 cxd4 8. cxd4
f6 9. Nf4 Nxd4 10. Qh5+ Ke7 11. Ng6+ hxg6 12. exf6+ Nxf6 13. Qxh8 Kf7 14. Qh4
e5 15. Nf3 Nxf3+ 16. gxf3 Bf5 17. Bxf5 gxf5 18. O-O f4 19. Re1 Bd6 20. Bd2 Qd7
21. a3 g5 22. Qh6 a5 23. Kg2 Rg8 24. Bxa5 Rg6 25. Qh8 Rg8 26. Qh6 g4 27. Bb4
Bb8 28. Kh1 Qf5 29. Rad1 gxf3 30. Rg1 Rg2 31. Rxg2 fxg2+ 32. Kg1 Ba7 33. Qf8+
Kg6 34. Rc1 f3 35. Bc5 Qf4 36. Rd1 Bxc5 37. Qxc5 Ng4 0-1

[Event "XLV Festival A"]
[Site "Imperia ITA"]
[Date "2003.09.06"]
[Round "8"]
[White "De Anna, Franco"]
[Black "Roversi, Stefano"]
[WhiteElo "1921"]
[BlackElo "2008"]
[Result "1/2-1/2"]
[PlyCount "59"]
[EventDate "2003.08.31"]

1. d4 Nf6 2. c4 g6 3. g3 Bg7 4. Bg2 O-O 5. Nc3 Na6 6. Nf3 c6 7. O-O Nc7 8. d5
cxd5 9. cxd5 d6 10. h3 Bd7 11. Kh2 Rc8 12. Re1 Na6 13. e4 Be8 14. Be3 Nc5 15.
Nd4 Nh5 16. Qd2 Qb6 17. Rac1 Bd7 18. f4 Qa6 19. Bf1 Qa5 20. Red1 Rc7 21. Bg2
Rfc8 22. g4 Nf6 23. e5 Ne8 24. Nf3 Na4 25. Nxa4 Qxd2 26. Bxd2 Bxa4 27. b3 Bb5
28. Rxc7 Rxc7 29. Rc1 Rxc1 30. Bxc1 1/2-1/2

[Event "XLV Festival A"]
[Site "Imperia ITA"]
[Date "2003.09.06"]
[Round "8"]
[White "De Marco, Walter"]
[Black "Carzolio, Luigi"]
[WhiteElo "2096"]
[BlackElo "2042"]
[Result "1/2-1/2"]
[PlyCount "82"]
[EventDate "2003.08.31"]

1. Nf3 b5 2. b3 Bb7 3. e3 a6 4. Bb2 Nf6 5. d4 e6 6. Bd3 c5 7. Nbd2 cxd4 8. exd4
Be7 9. O-O O-O 10. Qe2 d6 11. a4 b4 12. Ne4 Nxe4 13. Bxe4 Bxe4 14. Qxe4 Nd7 15.
d5 Bf6 16. Bxf6 Nxf6 17. Qxb4 Nxd5 18. Qd2 Qb6 19. Rfd1 Rfd8 20. Rab1 Rac8 21.
c4 Nf6 22. Qd4 Qc5 23. Rdc1 a5 24. Qb2 Qb4 25. Nd4 Ne4 26. Nf3 Nc5 27. Qc2 h6
28. g4 Nd7 29. g5 Qb7 30. Qd3 hxg5 31. Nxg5 Nf6 32. Re1 Rc5 33. Qg3 Qe7 34. Ne4
Nxe4 35. Rxe4 Rg5 36. Rg4 Rxg4 37. Qxg4 Rb8 38. Qg3 Rb6 39. Rb2 Qb7 40. Rb1 Qc6
41. Rd1 Qc5 1/2-1/2

[Event "XLV Festival A"]
[Site "Imperia ITA"]
[Date "2003.09.06"]
[Round "8"]
[White "Fregonese, Giulio"]
[Black "Astengo, Marcello"]
[WhiteElo "2136"]
[BlackElo "2070"]
[Result "1-0"]
[PlyCount "63"]
[EventDate "2003.08.31"]

1. e4 e6 2. d4 d5 3. Nd2 Nf6 4. e5 Nfd7 5. Bd3 c5 6. c3 Nc6 7. Ne2 cxd4 8. cxd4
f6 9. Nf4 g6 10. Nxe6 Qb6 11. Nxf8 Nxf8 12. exf6 Nxd4 13. O-O Qxf6 14. Nb3 Nfe6
15. Be3 Nc6 16. Bb5 a6 17. Bxc6+ bxc6 18. Nd4 Nd8 19. Rc1 Bb7 20. Qd2 O-O 21.
Rc3 Rc8 22. Bg5 Qd6 23. Re1 c5 24. Bh6 Nf7 25. Bxf8 Qxf8 26. Ne6 Qd6 27. Qc1 c4
28. Nd4 Ne5 29. Qf4 Nf7 30. Qe3 Kf8 31. Ne6+ Kg8 32. Qd4 1-0

[Event "XLV Festival A"]
[Site "Imperia ITA"]
[Date "2003.09.06"]
[Round "8"]
[White "Gentile, Claudio"]
[Black "Verrascina, Roberto"]
[WhiteElo "2158"]
[BlackElo "2226"]
[Result "1/2-1/2"]
[PlyCount "54"]
[EventDate "2003.08.31"]

1. d4 g6 2. e4 Bg7 3. Nf3 d6 4. Nc3 c6 5. Be2 b5 6. e5 Qc7 7. exd6 exd6 8. O-O
Nf6 9. Bg5 Nbd7 10. d5 b4 11. dxc6 bxc3 12. cxd7+ Bxd7 13. Qd4 cxb2 14. Rab1
Ke7 15. Rfe1 Be6 16. Rxb2 h6 17. Ba6 Rhb8 18. Bf4 Nh5 19. Rxb8 Rxb8 20. Qa4 Bc3
21. Bd2 Bxd2 22. Nxd2 Qc3 23. Bd3 Qxd2 24. Qxa7+ Kf6 25. Qd4+ Ke7 26. Qa7+ Kf6
27. Qd4+ Ke7 1/2-1/2

[Event "XLV Festival A"]
[Site "Imperia ITA"]
[Date "2003.09.06"]
[Round "8"]
[White "Isonzo, David"]
[Black "Dopita, Bohumil"]
[WhiteElo "2347"]
[BlackElo "2081"]
[Result "1/2-1/2"]
[PlyCount "27"]
[EventDate "2003.08.31"]

1. e4 e5 2. Nf3 f5 3. Nxe5 Qf6 4. d4 d6 5. Nc4 fxe4 6. Nc3 Qg6 7. f3 exf3 8.
Qxf3 Nc6 9. Be3 Nf6 10. Bd3 Qg4 11. O-O-O Qxf3 12. gxf3 Bd7 13. a3 O-O-O 14.
Rhg1 1/2-1/2

[Event "XLV Festival A"]
[Site "Imperia ITA"]
[Date "2003.09.06"]
[Round "8"]
[White "Jirovsky, Milos"]
[Black "Di Paolo, Raffaele"]
[WhiteElo "2521"]
[BlackElo "2323"]
[Result "1-0"]
[PlyCount "79"]
[EventDate "2003.08.31"]

1. d4 Nf6 2. Nf3 g6 3. c4 Bg7 4. g3 O-O 5. Bg2 d6 6. O-O a6 7. Nc3 Nc6 8. h3 e5
9. d5 Ne7 10. e4 b5 11. Re1 bxc4 12. Nd2 c6 13. Nxc4 cxd5 14. exd5 Nf5 15. Bd2
Rb8 16. Rc1 Bd7 17. a3 h5 18. b4 Rc8 19. Na5 Nd4 20. Be3 Nh7 21. Ne4 Rxc1 22.
Qxc1 Bb5 23. Nc6 Qd7 24. Bxd4 exd4 25. Qf4 Re8 26. Rc1 f5 27. Qxd6 Qf7 28. Nc5
Ng5 29. a4 Be2 30. Qf4 Bh6 31. Qxd4 Nxh3+ 32. Bxh3 Bxc1 33. d6 Bf3 34. Ne5 Qd5
35. d7 Rd8 36. Nxf3 Qxf3 37. Qc4+ Kh7 38. Qxc1 h4 39. Bg2 Qg4 40. Qe1 1-0

[Event "XLV Festival A"]
[Site "Imperia ITA"]
[Date "2003.09.06"]
[Round "8"]
[White "Kantorik, Marian"]
[Black "Feistenauer, Harald"]
[WhiteElo "2272"]
[BlackElo "2094"]
[Result "1-0"]
[PlyCount "25"]
[EventDate "2003.08.31"]

1. d4 Nf6 2. c4 e5 3. dxe5 Ng4 4. Bf4 Bb4+ 5. Nd2 Nc6 6. Ngf3 Qe7 7. e3 Ngxe5
8. Nxe5 Nxe5 9. Be2 O-O 10. O-O d6 11. Nb3 Be6 12. a3 Bc5 13. Nxc5 1-0

[Event "XLV Festival A"]
[Site "Imperia ITA"]
[Date "2003.09.06"]
[Round "8"]
[White "Machalek, Bedrich"]
[Black "Marzano, Carlo"]
[WhiteElo "2056"]
[BlackElo "2225"]
[Result "0-1"]
[PlyCount "42"]
[EventDate "2003.08.31"]

1. e4 Nc6 2. d4 e5 3. d5 Nce7 4. c4 Ng6 5. Nc3 Bc5 6. Nf3 Nf6 7. h3 O-O 8. a3
a5 9. Bd3 d6 10. Be3 Nd7 11. h4 Bxe3 12. fxe3 Nc5 13. Bc2 h6 14. h5 Ne7 15. Nh4
f5 16. exf5 Nxf5 17. Nxf5 Bxf5 18. e4 Bh7 19. Qd2 Rf4 20. Qe3 Qg5 21. g3 Rxe4
0-1

[Event "XLV Festival A"]
[Site "Imperia ITA"]
[Date "2003.09.06"]
[Round "8"]
[White "Riccio, Eros"]
[Black "Barletta, Antonio"]
[WhiteElo "2198"]
[BlackElo "2053"]
[Result "0-1"]
[PlyCount "46"]
[EventDate "2003.08.31"]

1. e4 e5 2. Nf3 Nc6 3. Bb5 a6 4. Ba4 Nf6 5. O-O Be7 6. Re1 b5 7. Bb3 O-O 8. c3
d5 9. exd5 Nxd5 10. Nxe5 Nxe5 11. Rxe5 c6 12. d4 Bd6 13. Re1 Qh4 14. g3 Qh3 15.
Be3 Bg4 16. Qd3 Rae8 17. Nd2 Re6 18. a4 bxa4 19. Rxa4 f5 20. c4 f4 21. cxd5
fxg3 22. fxg3 Bxg3 23. Re2 Bxe2 0-1

[Event "XLV Festival A"]
[Site "Imperia ITA"]
[Date "2003.09.06"]
[Round "8"]
[White "Russi, Roberto"]
[Black "Faraci, Antonino"]
[WhiteElo "2125"]
[BlackElo "2088"]
[Result "1-0"]
[PlyCount "71"]
[EventDate "2003.08.31"]

1. c4 c5 2. Nc3 Nf6 3. Nf3 g6 4. d4 cxd4 5. Nxd4 Bg7 6. g3 O-O 7. Bg2 Nc6 8.
O-O Qb6 9. Nb3 d6 10. Be3 Qd8 11. h3 Be6 12. Nd5 Qd7 13. Kh2 Ne5 14. Rc1 Rfc8
15. Nxf6+ Bxf6 16. c5 Rab8 17. cxd6 exd6 18. Nd4 b6 19. Nxe6 fxe6 20. Qb3 d5
21. Rcd1 b5 22. Bd4 Qe7 23. e4 dxe4 24. Bxe4 Rc4 25. Qe3 Re8 26. b3 Rc7 27. Kg2
Nd7 28. Rfe1 a5 29. a4 bxa4 30. bxa4 Bxd4 31. Qxd4 Qc5 32. Qe3 Kg7 33. Rc1 Qb6
34. Rb1 Qc5 35. Rb5 Qa7 36. Qd2 1-0

[Event "XLV Festival A"]
[Site "Imperia ITA"]
[Date "2003.09.06"]
[Round "8"]
[White "Simek, Jiri"]
[Black "Van Hoolandt, Patrick"]
[WhiteElo "2155"]
[BlackElo "2301"]
[Result "0-1"]
[PlyCount "82"]
[EventDate "2003.08.31"]

1. e4 e5 2. Nf3 Nc6 3. Bc4 Bc5 4. c3 Nf6 5. d3 d6 6. h3 a6 7. Bb3 Ba7 8. Nbd2
h6 9. Nf1 d5 10. exd5 Nxd5 11. Qe2 O-O 12. Bxd5 Qxd5 13. Ne3 Bxe3 14. Bxe3 Bf5
15. Rd1 Rad8 16. d4 exd4 17. cxd4 Qxa2 18. O-O Rfe8 19. Rfe1 Qd5 20. Nh4 Bc8
21. Qf3 Qxf3 22. Nxf3 Nb4 23. Rd2 Bf5 24. Rc1 c6 25. Ne5 f6 26. Nc4 Nd5 27. Re1
Re7 28. Rdd1 Bc2 29. Rd2 Ba4 30. g3 b6 31. Kg2 Bb3 32. Na3 Kf7 33. Kf3 g5 34.
Rc1 f5 35. Rd3 Ba4 36. Nc4 Nb4 37. Ra3 Bb5 38. Nxb6 Nd3 39. Rxd3 Bxd3 40. Rxc6
Be4+ 41. Ke2 Bxc6 0-1

[Event "XLV Festival A"]
[Site "Imperia ITA"]
[Date "2003.09.06"]
[Round "8"]
[White "Vrana, Frantisek"]
[Black "Barlocco, Carlo"]
[WhiteElo "2300"]
[BlackElo "2150"]
[Result "1-0"]
[PlyCount "79"]
[EventDate "2003.08.31"]

1. e4 c5 2. Nf3 e6 3. d3 Nc6 4. g3 g6 5. Bg2 Bg7 6. c3 Nge7 7. h4 h5 8. O-O d5
9. Nbd2 Qc7 10. Re1 O-O 11. Qe2 dxe4 12. dxe4 b6 13. Nf1 Bb7 14. e5 Rad8 15.
Bg5 Rd7 16. N1h2 Rd5 17. Bf4 Qc8 18. g4 Ba6 19. Qe3 Rd3 20. Qc1 Rd7 21. Bh6
hxg4 22. Nxg4 Nf5 23. Nf6+ Bxf6 24. exf6 Rfd8 25. Bh3 Rd5 26. c4 Bxc4 27. Bf4
Bd3 28. Be5 R8d7 29. Qg5 Qf8 30. Qg4 Nfd4 31. Bxd4 Nxd4 32. Ne5 R7d6 33. Nxd3
Nc2 34. Nf4 Rd4 35. Qg5 Nxe1 36. Rxe1 Kh7 37. h5 gxh5 38. Qxh5+ Qh6 39. Qxf7+
Kh8 40. Ng6+ 1-0

[Event "XLV Festival A"]
[Site "Imperia ITA"]
[Date "2003.09.07"]
[Round "9"]
[White "Barletta, Antonio"]
[Black "Luciani, Carlo"]
[WhiteElo "2053"]
[BlackElo "2233"]
[Result "0-1"]
[PlyCount "100"]
[EventDate "2003.08.31"]

1. e4 e5 2. Nf3 Nc6 3. Bb5 a6 4. Ba4 Nf6 5. O-O Nxe4 6. d4 b5 7. Bb3 d5 8. dxe5
Be6 9. Nbd2 Nc5 10. c3 Bg4 11. Qe2 Be7 12. Rd1 O-O 13. Bc2 Qe8 14. Nb3 Rd8 15.
Nxc5 Bxc5 16. Qd3 g6 17. Bh6 Nxe5 18. Nxe5 Bxd1 19. Rxd1 Qxe5 20. Bxf8 Kxf8 21.
Qf3 Re8 22. Bd3 Re6 23. Rf1 c6 24. a4 h5 25. axb5 axb5 26. g3 h4 27. Kg2 b4 28.
cxb4 Bxb4 29. Qf4 Qxf4 30. gxf4 Rf6 31. f5 gxf5 32. Kh3 Be7 33. Kxh4 c5 34. Kg5
Rb6+ 35. Kxf5 c4 36. Bb1 Rxb2 37. Ke5 Rd2 38. Rc1 Bd8 39. f4 Bc7+ 40. Kf5 Rf2
41. Rd1 Rxf4+ 42. Kg5 d4 43. Rc1 c3 44. h4 Rf2 45. Kg4 Ba5 46. Kg3 Rd2 47. Kf3
d3 48. Ke3 c2 49. Bxc2 Rxc2 50. Ra1 d2 0-1

[Event "XLV Festival A"]
[Site "Imperia ITA"]
[Date "2003.09.07"]
[Round "9"]
[White "Chatalbashev, Boris"]
[Black "Maksimenko, Andrei"]
[WhiteElo "2509"]
[BlackElo "2512"]
[Result "1/2-1/2"]
[PlyCount "21"]
[EventDate "2003.08.31"]

1. d4 Nf6 2. c4 e6 3. Nf3 Bb4+ 4. Nbd2 b6 5. a3 Bxd2+ 6. Qxd2 Bb7 7. e3 d6 8.
Be2 Nbd7 9. O-O O-O 10. b4 c5 11. Bb2 1/2-1/2

[Event "XLV Festival A"]
[Site "Imperia ITA"]
[Date "2003.09.07"]
[Round "9"]
[White "De Vita, Igor"]
[Black "Biolek, Richard sr"]
[WhiteElo "2158"]
[BlackElo "2449"]
[Result "1/2-1/2"]
[PlyCount "54"]
[EventDate "2003.08.31"]

1. d4 d5 2. c4 e6 3. Nc3 Nf6 4. cxd5 exd5 5. Bg5 Be7 6. e3 h6 7. Bh4 O-O 8. Bd3
b6 9. Nf3 Bb7 10. Rc1 Nbd7 11. O-O c5 12. Bb1 Ne4 13. Bxe7 Qxe7 14. dxc5 Nxc3
15. Rxc3 bxc5 16. Qc1 Rac8 17. Bf5 Rfd8 18. Qc2 Rc7 19. Rc1 Ne5 20. Nxe5 Qxe5
21. Bh3 c4 22. Rd1 Re8 23. Qd2 Rce7 24. Qd4 Qg5 25. Qg4 Qf6 26. Qd4 Qg5 27. Qg4
Qf6 1/2-1/2

[Event "XLV Festival A"]
[Site "Imperia ITA"]
[Date "2003.09.07"]
[Round "9"]
[White "Facchetti, Gianni"]
[Black "Gross, Stefan"]
[WhiteElo "2143"]
[BlackElo "2328"]
[Result "1-0"]
[PlyCount "77"]
[EventDate "2003.08.31"]

1. e4 c5 2. Nf3 d6 3. d4 cxd4 4. Qxd4 Bd7 5. Be3 Nc6 6. Qd2 g6 7. Nc3 Bg7 8.
Be2 Qa5 9. Nd4 Nf6 10. Nb3 Qc7 11. O-O O-O 12. Bh6 Bxh6 13. Qxh6 Na5 14. Nd2
Be6 15. Nf3 Rfc8 16. Ng5 Qb6 17. e5 dxe5 18. Nce4 Bf5 19. Nxf6+ Qxf6 20. Qxh7+
Kf8 21. Qh4 Qg7 22. c3 f6 23. Nf3 Be6 24. Rfd1 Nc4 25. b3 Nd6 26. Rac1 Rc7 27.
Qb4 Rac8 28. c4 b6 29. Rc2 Qh6 30. Qa3 a5 31. Rcd2 Ne4 32. Rd8+ Rxd8 33. Rxd8+
Kf7 34. Qb2 g5 35. Qc2 Nd6 36. Nd2 Bf5 37. Bd3 Bxd3 38. Qxd3 Qg7 39. Qd5+ 1-0

[Event "XLV Festival A"]
[Site "Imperia ITA"]
[Date "2003.09.07"]
[Round "9"]
[White "Faraci, Antonino"]
[Black "Semeria, Marco"]
[WhiteElo "2088"]
[BlackElo "2066"]
[Result "1/2-1/2"]
[PlyCount "46"]
[EventDate "2003.08.31"]

1. e4 c5 2. Nf3 Nc6 3. Nc3 d6 4. d4 cxd4 5. Nxd4 Nf6 6. Be2 e6 7. O-O Be7 8.
Be3 O-O 9. Qd2 a6 10. f4 Qc7 11. Bf3 Bd7 12. Nxc6 Bxc6 13. g4 Rad8 14. Qf2 Nd7
15. g5 b5 16. a3 Qb7 17. b4 Rc8 18. Rae1 f5 19. Bd2 e5 20. exf5 Bxf3 21. Qxf3
Qxf3 22. Rxf3 Rxf5 23. Rd3 Kf7 1/2-1/2

[Event "XLV Festival A"]
[Site "Imperia ITA"]
[Date "2003.09.07"]
[Round "9"]
[White "Gentile, Claudio"]
[Black "Isonzo, David"]
[WhiteElo "2158"]
[BlackElo "2347"]
[Result "0-1"]
[PlyCount "70"]
[EventDate "2003.08.31"]

1. d4 d5 2. c4 Nc6 3. Nc3 dxc4 4. Nf3 Nf6 5. e4 Bg4 6. Be3 e6 7. Bxc4 Bb4 8.
Qd3 Qe7 9. Bb5 Bxf3 10. Bxc6+ bxc6 11. gxf3 Rb8 12. Qa6 O-O 13. Qxc6 Ba5 14.
O-O-O Nd7 15. h4 Qb4 16. Na4 Nb6 17. Nxb6 Rxb6 18. Qc2 Rfb8 19. Bd2 Qb5 20.
Bxa5 Qxa5 21. b3 Qa3+ 22. Qb2 Qd6 23. Kb1 a5 24. Rhg1 a4 25. Rd3 axb3 26. Rxb3
Rxb3 27. axb3 Qb4 28. Kc2 Qb5 29. Kd2 Qh5 30. Rg4 f5 31. Rg3 fxe4 32. fxe4 Rf8
33. Ke3 Qxh4 34. Kd3 Qf6 35. Ke3 c5 0-1

[Event "XLV Festival A"]
[Site "Imperia ITA"]
[Date "2003.09.07"]
[Round "9"]
[White "Gross, David"]
[Black "Sarmir, Milos"]
[WhiteElo "2451"]
[BlackElo "2152"]
[Result "1-0"]
[PlyCount "65"]
[EventDate "2003.08.31"]

1. e4 e5 2. Nf3 Nc6 3. Bb5 a6 4. Ba4 Nf6 5. O-O Be7 6. Re1 b5 7. Bb3 d6 8. c3
O-O 9. h3 Na5 10. Bc2 c5 11. d4 Qc7 12. Nbd2 Bd7 13. Nf1 Rac8 14. d5 b4 15. Ne3
g6 16. Bd2 bxc3 17. Bxc3 Ne8 18. b3 Ng7 19. Qe2 Bb5 20. Qd2 Nb7 21. a4 Bd7 22.
Bd3 Ra8 23. Nc4 f5 24. Rad1 fxe4 25. Bxe4 Bf5 26. Nfxe5 dxe5 27. d6 Nxd6 28.
Bxa8 Nxc4 29. Bd5+ Kh8 30. Bxc4 Bf6 31. Qd6 Qb8 32. Qxb8 Rxb8 33. Bxe5 1-0